| 000 | 00405nam a2200157Ia 4500 | ||
|---|---|---|---|
| 008 | 221030s9999 xx 000 0 und d | ||
| 020 | _a8178083329 | ||
| 041 | _aEnglish | ||
| 082 |
_a105.23 _bKol |
||
| 100 | _aH. Kolimbiris | ||
| 245 | 0 |
_aDigital Communications Systems with Satellite _cby H. Kolimbiris |
|
| 260 |
_bPearson Education _aNew Delhi _c2001 |
||
| 300 | _a466 | ||
| 650 | _aECE | ||
| 942 | _cBK | ||
| 999 |
_c3193 _d3193 |
||